| 000 | 01471cam a2200313 i 4500 | ||
|---|---|---|---|
| 001 | 21698 | ||
| 003 | BD-RjUL | ||
| 005 | 20211209000722.0 | ||
| 008 | 140305r19501941enk b 001 0 eng | ||
| 035 | _a(BD-RjUL)21763 | ||
| 040 |
_aDLC _cDLC _dDLC _dBD-RjUL _beng |
||
| 041 | 0 | _aenggrc | |
| 082 | 0 | 0 |
_a089.81 _bSEL V-3 1950 |
| 245 | 0 | 0 |
_aSelect papyri / _ctexts, translations and notes by D. L. Page. _nVolume III : _pLiterary Papyri Poetry |
| 250 | _arevised ed. | ||
| 260 |
_aLondon : _bHarvard University Press, _c[Reprinted 1950]. |
||
| 300 |
_axix, 614 p. ; _c17 cm. |
||
| 500 | _aVol. 2: "In five volumes"; v. 3- : "In four volumes." | ||
| 500 | _aA reprinting, in combined form, of A. S. Hunt's collection of non-literary Greco-Roman papyri published in 2 v. (1932-1934) under title: Select papyri, together with D. L. Page's collection of poetic papyri published in 1942 under title: Greek literary papyri. Includes also, in fulfillment of the intention of Page's collection, a collection of literary prose papyri, compiled by D. M. Leahy for this edition. | ||
| 500 | _aGreek and English on opposite pages. | ||
| 504 | _aIncludes bibliographies and indexes. | ||
| 650 | 0 |
_aManuscripts, Greek (Papyri) _967017 |
|
| 650 | 0 |
_aGreek literature _xManuscripts. _967018 |
|
| 650 | 0 |
_aGreek literature _xTranslations into English. _967019 |
|
| 942 |
_2ddc _cBK |
||
| 999 |
_c21698 _d21698 |
||